00233nam a2200085Ia 450000100070000000500170000700800410002424500580006526000240012386177320250826175419.0250824s9999 xx 000 0 und d 0aBİR HİKAYEİ SEVDAcHALİD ZİYA UŞAKLIGİL bÖZGÜR YAYINLARI